000
00342nam a2200145Ia 4500
008
150301s2013 xx 000 0 und d
082
_a
618.92
_b
I13L
100
_a
LISSAUER, TOM
245
_a
ILLUSTRATED TB. OF PAEDIATRICS
250
_a
4TH
260
_b
MOSBY
_a
EDINBURGH
_c
2013
300
_a
533
650
_a
PEDIATRICS
942
_2
ddc
_c
BK
999
_c
6732
_d
6732